000 00703nam a2200253Ia 4500
003 OSt
005 20220925222311.0
006 a|||||r|||| 00| 0
007 ta
008 220923b |||||||| |||| 00| 0 eng d
020 _a0333982010
037 _cGeneral Book
040 _aRTL
_cRTL
_beng
041 _2eng
_aeng
082 _aX991, P3
100 _aJones Andrew
_9250023
245 0 _aManagement consultancy and banking in an era of globlisation.
260 _aLondon
_bPalgrave Macmillan
_c2003
300 _ax, 213p
_ccm.
500 _aBibliography P 194-208
650 _aGlobalization
942 _hX991, P3
_cGB
_2CC
999 _c576621
_d576621